Sub sole
Zapisane w:
| 1. autor: | |
|---|---|
| Format: | Książka |
| Język: | hiszpański |
| Wydane: |
Santiago
Nascimento
1956
|
| Wydanie: | 6a. ed |
| Hasła przedmiotowe: | |
| Etykiety: |
Dodaj etykietę
Nie ma etykietki, Dołącz pierwszą etykiete!
|
MARC
| LEADER | 00000nam a2200000 a 4500 | ||
|---|---|---|---|
| 001 | UCZ0179 | ||
| 003 | CL-VaPUC | ||
| 008 | 950724e19560000CL |||||||||||||||||spa|d | ||
| 082 | 0 | 4 | |a Ch863 |b LIL |2 21 |
| 100 | |a Lillo, Baldomero |e autor |9 342813 | ||
| 245 | 1 | 0 | |a Sub sole |
| 250 | |a 6a. ed | ||
| 300 | |a 158 p | ||
| 942 | |c BK | ||
| 945 | |d 19950724 00:00:00 |a lriquelm | ||
| 260 | |a Santiago |b Nascimento |c 1956 | ||
| 650 | 0 | |a Cuentos chilenos |9 308280 | |
| 650 | 0 | |a Literatura chilena |9 308278 | |
| 650 | 0 | |a Prosa chilena |9 267787 | |
| 650 | 0 | |a Formas y géneros literarios |9 324031 | |
| 583 | |a last modification |c 19950724 00:00:00 |k Rodrigo Vera | ||
| 999 | |c 237142 |d 237140 | ||
| 952 | |0 0 |1 0 |4 0 |6 CH_863_000000000000000_LIL_1956 |7 0 |8 A |9 245956 |a BIBEDU |b BIBEDU |d 2019-11-18 |i 1541145 |o Ch863 LIL 1956 |p 1541145 |r 2019-11-18 |w 2019-11-18 |y BK |k EDU | ||